1822 1311 1462 1879 1225 1889 1469 1836 1235 1988 1248 1599 1065 1969 1449 1691 1657 1468 1600 1726 1736 1227 1998 1874 1567 1704 1568 1682 1771 1500 1133 1490 1194 1909 1305 1619 1249 1245 1909 1480 1982 1291 1486 1182 1624 1476 1874 1548 1924 1862 1091 1269 1325 1588 1635 1710 1250 1165 1975 1993 1029 1356 1434 1972 1361 1586 1312 1793 1371 1873 1447 1622 1584 1434 1133 1156 1896 1066 1417 1687 1871 1230 1129 1821 1403 1506 1275 1548 1914 1417 1409 1211 1086 1634 1315 1282 1594 1369 1535 BCNSPRNW ULIB Ver.6.0+V

เปลี่ยนเป็นภาษาไทย

Change to English
 แสดงรายละเอียดบรรณานุกรม
  กลับหน้าหลัก

Brief Record : Get Marc (ISO 2709) : E-mail record : QR code < ปิดหน้าต่าง
LEADER : 00000nam 2200000uu 4500
001    13399112561
003     ULIB
008    110627s2544||||th 000 0 tha d
099    วจ.WY18.5^bป168ค
100 0  ปนัดดา จั่นผ่อง
245 00 ความสัมพันธ์ระหว่างผลสัมฤทธิ์ทางการเรียน เจตคติต่อวิชาชีพพยาบาลกับความพร้อมในการเข้าสู่วิชาชีพพยาบาลของผู้สำเร็จการศึกษา วิทยาลัยพยาบาลบรมราชชนนี โรงการร่วมผลิตบัณฑิตพยาบาลศาสตร์ มหาวิทยาลัยนเรศวร ปีการศึกษา 2544/^cปนัดดา จั่นผ่อง
260    นครสวรรค์ :^bวิทยาลัยพยาบาล บรมราชชนนี สวรรค์ประชารักษ์,^c2544
300    59 หน้า
650  7 วิทยาลัยพยาบาล บรมราชชนนี สวรรค์ประชารักษ์
650  7 พยาบาล^xการศึกษา^xวิจัย
650  7 ความพร้อมในการเข้าสู่วิชาชีพพยาบาล
650  7 เจตคติต่อวิชาชีพพยาบาล
650  7 พยาบาลวิชาชีพ^xเจตคติ^xวิจัย
945    ^p0^l0^i019432
945    ^p0^l0^i014370
945    ^p0^l0^i019431
945    ^p0^l0^i014369
995    ทศพร
999 ^a ใช้งานได้ทุกระบบ
รายการนี้ยังไม่มีแท็ก
คุณยังไม่ได้ล็อกอิน คุณสามารถมีกิจกรรมร่วมกับเว็บไซต์ได้ แต่ต้องล็อกอินก่อน ::
  ล็อกอิน

รายการสื่อสารสนเทศ

ลำดับที่ ประเภท เลขเรียก/บาร์โค้ด สถานที่ สถานะ
- ไม่พบข้อมูล -

รายการใกล้เคียง
    ผู้แต่ง [ปนัดดา จั่นผ่อง]

    หัวเรื่อง [วิทยาลัยพยาบาล บรมราชชนนี สวรรค์ประชารักษ์]

BibComment


ยังไม่เคยถูกคอมเมนท์

คอมเมนท์ทรัพยากรรายการนี้
  คอมเมนท์: ความสัมพันธ์ระหว่..


 Copyright 2026. Bcnsprnw @Library